000 00863nam a2200277Ia 4500
003 OSt
005 20221005060203.0
006 a|||||r|||| 00| 0
007 ta
008 221004b |||||||| |||| 00| 0 eng d
020 _a9781780234403 (hbk)
_c2493
024 _a24149
037 _b196, 29/12/2015, Classic Book Service
_cTextual
040 _aCRL
_cCRL
_beng
041 _2eng
_aeng
082 _aJ451, Q5
100 _aEllis Markman
245 0 _aEmpire of tea
_b Asian leaf that conquered the world
260 _aLondon
_bReaktion Books UK
_c2015
300 _a326p.
_ccm.
650 _aAGRICULTURE
700 _a Coulton Richard
_9599438
700 _a Mauger Matthew
_9599439
942 _hJ451, Q5
_cTEXL
_2cc
999 _c966299
_d966299